[Event "Verbandsliga Sued Baden 1112"]
[Site "Germany"]
[Date "2011.10.09"]
[Round "1.7"]
[White "Dettweiler, Christian"]
[Black "Hirschfeld, Dennis"]
[Result "0-1"]
[WhiteElo "2014"]
[BlackElo "1960"]
[PlyCount "59"]
[EventDate "2011.10.09"]
[EventType "team-tourn"]
[EventRounds "9"]
[EventCountry "GER"]
[SourceTitle "EXT 2013"]
[Source "ChessBase"]
[SourceDate "2012.11.22"]
[SourceVersion "1"]
[SourceVersionDate "2012.11.22"]
[SourceQuality "1"]
[WhiteTeam "Iffezheim"]
[BlackTeam "Baden-Baden IV"]
[WhiteTeamCountry "GER"]
[BlackTeamCountry "GER"]

1. c4 e5 2. g3 Nc6 3. Bg2 f5 4. d3 Nf6 5. Nc3 Bb4 6. Bd2 0-0 7. Nf3 d6 8. 0-0 Bxc3 9. Bxc3 Qe8 10. b4 Rb8 11. a4 Bd7 12. Qc2 Qh5 13. b5 Nd8 14. c5 Nf7 15. cxd6 cxd6 16. Qb3 Kh8 17. Rad1 f4 18. gxf4 exf4 19. Bxf6 gxf6 20. Qb4 Qh6 21. Kh1 Rbe8 22. Rd2 Rg8 23. Rg1 Rg4 24. Rc2 Ne5 25. Qxd6 Nxf3 26. Bxf3 Rh4 27. Rg2 Bh3 28. Bxb7 Bxg2+ 29. Bxg2 Rxh2+ 30. Kg1 0-1

[Event "Stuttgart-chA int"]
[Site "Ditzingen"]
[Date "2010.05.14"]
[Round "4"]
[White "Bluma, Marcel"]
[Black "Hirschfeld, Dennis"]
[Result "1-0"]
[WhiteElo "2095"]
[BlackElo "1980"]
[PlyCount "54"]
[EventDate "2010.05.13"]
[EventType "swiss"]
[EventRounds "7"]
[EventCountry "GER"]
[SourceTitle "EXT 2018"]
[Source "ChessBase"]
[SourceDate "2017.10.13"]
[SourceVersion "1"]
[SourceVersionDate "2017.10.13"]
[SourceQuality "1"]

1. e4 c5 2. Nf3 g6 3. d4 cxd4 4. Nxd4 Nc6 5. Be3 Nf6 6. Nc3 Bg7 7. Be2 0-0 8. 0-0 d5 9. exd5 Nxd5 10. Nxd5 Qxd5 11. Bf3 Qc4 12. Nxc6 bxc6 13. c3 Be6 14. Qc1 Bd5 15. Bxd5 cxd5 16. Bh6 Bxh6 17. Qxh6 Rab8 18. Rae1 e5 19. Re3 f6 20. b3 Qa6 21. f4 exf4 22. Re7 Qb6+ 23. Kh1 Rf7 24. Rxf7 Kxf7 25. Qxh7+ Kf8 26. Re1 Rb7 27. Qh8+ Kf7 1-0

[Event "Stuttgart-chA int"]
[Site "Ditzingen"]
[Date "2010.05.13"]
[Round "2"]
[White "Hirschfeld, Dennis"]
[Black "Gabriel, Josef"]
[Result "0-1"]
[WhiteElo "1980"]
[BlackElo "2165"]
[PlyCount "74"]
[EventDate "2010.05.13"]
[EventType "swiss"]
[EventRounds "7"]
[EventCountry "GER"]
[SourceTitle "EXT 2018"]
[Source "ChessBase"]
[SourceDate "2017.10.13"]
[SourceVersion "1"]
[SourceVersionDate "2017.10.13"]
[SourceQuality "1"]

1. d4 f5 2. Nf3 Nf6 3. Bg5 g6 4. Bxf6 exf6 5. e3 Nc6 6. Nbd2 Bg7 7. c3 0-0 8. Bd3 Ne7 9. Qc2 d5 10. h3 b6 11. 0-0-0 c5 12. Rhg1 c4 13. Be2 b5 14. g4 b4 15. cxb4 a5 16. b5 a4 17. Nb1 Bd7 18. Na3 Qb6 19. g5 Bxb5 20. gxf6 Bxf6 21. h4 Rfc8 22. Qc3 Be8 23. h5 Rab8 24. hxg6 Nxg6 25. Ne5 Kh8 26. Bh5 Be7 27. Bxg6 hxg6 28. Nc2 Kg8 29. Rg2 Qa6 30. Rdg1 Rb6 31. f3 Rcb8 32. e4 a3 33. Nxg6 axb2+ 34. Kd2 Rxg6 35. Rxg6+ Qxg6 36. Rxg6+ Bxg6 37. Na3 Bxa3 0-1